[Event "4NCL/2001-02/D3/GUI3-AFC"]
[Site "Rd03-Birmingham"]
[Date "2001.11.24"]
[Round "3.5"]
[White "Allinson, Julian"]
[Black "Milnes, Anthony CP"]
[Result "1/2-1/2"]
[WhiteElo "1944"]
[BlackElo "2138"]
[PlyCount "52"]
[EventDate "2001.11.24"]
[EventType "team-match"]
[EventCountry "ENG"]
[SourceTitle "BritBase"]
[Source "John Saunders"]
[SourceDate "2024.10.24"]
[SourceVersion "1"]
[SourceVersionDate "2024.10.24"]
[SourceQuality "1"]
[WhiteTeam "Guildford-ADC 3"]
[BlackTeam "All Four Corners"]
[WhiteTeamCountry "ENG"]
[BlackTeamCountry "ENG"]

1. d4 f5 2. Nf3 Nf6 3. g3 g6 4. Bg2 Bg7 5. O-O d6 6. c4 O-O 7. d5 Na6 8. Nd4 Qe8 9. Nc3 Bd7 10. Rb1 c6 11. b3 Nc7 12. Bb2 Rb8 13. Ba1 c5 14. Nc2 b5 15. cxb5 Nxb5 16. Ne3 f4 17. Nxb5 fxe3 18. Nc7 Qc8 19. Ne6 Bxe6 20. dxe6 Qxe6 21. Bxf6 Qxf6 22. fxe3 Qe5 23. Qd5+ Kh8 24. Rxf8+ Rxf8 25. Qxe5 Bxe5 26. Rc1 Rb8 1/2-1/2

[Event "4NCL/2001-02/D3/GUI3-AFC"]
[Site "Rd03-Birmingham"]
[Date "2001.11.24"]
[Round "3.6"]
[White "Phillips, David"]
[Black "Bimbatti, Gian"]
[Result "1/2-1/2"]
[WhiteElo "1984"]
[BlackElo "1768"]
[PlyCount "62"]
[EventDate "2001.11.24"]
[EventType "team-match"]
[EventCountry "ENG"]
[SourceTitle "BritBase"]
[Source "John Saunders"]
[SourceDate "2024.10.24"]
[SourceVersion "1"]
[SourceVersionDate "2024.10.24"]
[SourceQuality "1"]
[WhiteTeam "All Four Corners"]
[BlackTeam "Guildford-ADC 3"]
[WhiteTeamCountry "ENG"]
[BlackTeamCountry "ENG"]

1. e4 c5 2. Nf3 Nc6 3. d4 cxd4 4. Nxd4 Nf6 5. Nc3 e5 6. Ndb5 Bb4 7. Nd6+ Ke7 8. Nf5+ Kf8 9. Ng3 d5 10. Bd2 d4 11. Nce2 Qb6 12. Rb1 Ng4 13. h3 d3 14. hxg4 Bc5 15. Be3 Bxe3 16. fxe3 dxe2 17. Qxe2 Be6 18. b3 Rd8 19. Rd1 Rxd1+ 20. Kxd1 Ke7 21. Nf5+ Bxf5 22. gxf5 Qa5 23. Qc4 Qb6 24. Rh3 Nb4 25. a3 Nc6 26. Qb5 Rd8+ 27. Kc1 Qxb5 28. Bxb5 h6 29. Rg3 Kf6 30. Bxc6 bxc6 31. c4 g5 1/2-1/2

[Event "4NCL/2001-02/D3/GUI3-AFC"]
[Site "Rd03-Birmingham"]
[Date "2001.11.24"]
[Round "3.7"]
[White "Sandercock, E Barry"]
[Black "Hardman, Michael J"]
[Result "0-1"]
[WhiteElo "1672"]
[BlackElo "1960"]
[PlyCount "108"]
[EventDate "2001.11.24"]
[EventType "team-match"]
[EventCountry "ENG"]
[SourceTitle "BritBase"]
[Source "John Saunders"]
[SourceDate "2024.10.24"]
[SourceVersion "1"]
[SourceVersionDate "2024.10.24"]
[SourceQuality "1"]
[WhiteTeam "Guildford-ADC 3"]
[BlackTeam "All Four Corners"]
[WhiteTeamCountry "ENG"]
[BlackTeamCountry "ENG"]

1. d4 d5 2. Nf3 Nf6 3. Bf4 g6 4. Nc3 Bg7 5. e3 O-O 6. Be2 c6 7. h3 Nbd7 8. O-O Re8 9. Ne5 Nf8 10. Qd2 Ne6 11. Bh2 Ng5 12. f3 Ne6 13. b4 Nd7 14. Nxd7 Bxd7 15. Na4 b6 16. Nc3 {(=)} c5 17. Nb5 a6 18. Na3 cxd4 19. Rad1 Bc6 20. Bd3 dxe3 21. Qe2 b5 22. c4 bxc4 23. Bxc4 Qb6 24. Bxd5 Bxd5 25. Rxd5 Red8 26. Rfd1 Rxd5 27. Rxd5 Qxb4 28. Nc2 Qb2 29. Qd3 Qc1+ 30. Qd1 Qxd1+ 31. Rxd1 e2 32. Re1 Nd4 33. Nxd4 Bxd4+ 34. Kh1 Rc8 35. Bg1 Bxg1 36. Kxg1 Rc2 37. a4 Kg7 38. Kf2 h5 39. Ke3 Ra2 40. Kd3 Rxa4 41. Rxe2 Kf6 42. g4 hxg4 43. hxg4 g5 44. Rh2 e6 45. Rh7 Rf4 46. Ke3 a5 47. Rh8 a4 48. Ra8 Kg7 49. Ra7 e5 50. Ra5 f6 51. Ra7+ Kf8 52. Ke2 Ke8 53. Kd2 Rxf3 54. Rxa4 Rf4 0-1

[Event "4NCL/2001-02/D3/MK-NK"]
[Site "Rd03-Birmingham"]
[Date "2001.11.24"]
[Round "3.2"]
[White "Gandy, Andrew R"]
[Black "Freeman, Richard CP"]
[Result "1/2-1/2"]
[WhiteElo "2074"]
[BlackElo "2011"]
[PlyCount "55"]
[EventDate "2001.11.24"]
[EventType "team-match"]
[EventCountry "ENG"]
[SourceTitle "BritBase"]
[Source "John Saunders"]
[SourceDate "2024.10.24"]
[SourceVersion "1"]
[SourceVersionDate "2024.10.24"]
[SourceQuality "1"]
[WhiteTeam "Nidum Knights"]
[BlackTeam "Milton Keynes"]
[WhiteTeamCountry "WLS"]
[BlackTeamCountry "ENG"]

1. d4 g6 2. e4 d6 3. Nc3 c6 4. Be3 Bg7 5. Qd2 b5 6. Bd3 a5 7. h3 Qc7 8. Nf3 Nd7 9. O-O e5 10. dxe5 dxe5 11. a4 b4 12. Ne2 Ngf6 13. Ng3 O-O 14. c3 c5 15. cxb4 cxb4 16. Rac1 Qb8 17. Bb5 Ba6 18. Bxa6 Rxa6 19. Qc2 Ra8 20. Qc7 Rc8 21. Qxb8 Raxb8 22. Nd2 h5 23. f3 Bf8 24. Nb3 Rxc1 25. Rxc1 Nb6 26. Nxa5 Nxa4 27. Nc4 Nd7 28. Nf1 1/2-1/2

[Event "4NCL/2001-02/D3/MK-NK"]
[Site "Rd03-Birmingham"]
[Date "2001.11.24"]
[Round "3.3"]
[White "Smith, Graham M"]
[Black "Tabatabai, John"]
[Result "1/2-1/2"]
[WhiteElo "1992"]
[BlackElo "2065"]
[PlyCount "57"]
[EventDate "2001.11.24"]
[EventType "team-match"]
[EventCountry "ENG"]
[SourceTitle "BritBase"]
[Source "John Saunders"]
[SourceDate "2024.10.24"]
[SourceVersion "1"]
[SourceVersionDate "2024.10.24"]
[SourceQuality "1"]
[WhiteTeam "Milton Keynes"]
[BlackTeam "Nidum Knights"]
[WhiteTeamCountry "ENG"]
[BlackTeamCountry "WLS"]

1. e4 c5 2. Nc3 a6 3. g3 b5 4. Bg2 Bb7 5. d3 e6 6. f4 Nf6 7. Nf3 d5 8. exd5 Nxd5 9. Ne4 Be7 10. O-O Nf6 11. Qe2 Nxe4 12. dxe4 O-O 13. e5 Nd7 14. Rd1 Qc7 15. Be3 Nb6 16. Bf2 Rad8 17. h4 Bd5 18. Ng5 h6 19. Bxd5 Rxd5 20. Rxd5 Nxd5 21. Ne4 c4 22. a3 Rd8 23. c3 Bxh4 24. gxh4 Nxf4 25. Qf3 Qxe5 26. Bd4 Qf5 27. Ng3 Nh3+ 28. Kg2 Nf4+ 29. Kg1 1/2-1/2

[Event "4NCL/2001-02/D3/MK-NK"]
[Site "Rd03-Birmingham"]
[Date "2001.11.24"]
[Round "3.4"]
[White "Powell, Annie"]
[Black "Rumsey, Victor B"]
[Result "1-0"]
[WhiteElo "2024"]
[BlackElo "1976"]
[PlyCount "34"]
[EventDate "2001.11.24"]
[EventType "team-match"]
[EventCountry "ENG"]
[SourceTitle "BritBase"]
[Source "John Saunders"]
[SourceDate "2024.10.24"]
[SourceVersion "1"]
[SourceVersionDate "2024.10.24"]
[SourceQuality "1"]
[WhiteTeam "Nidum Knights"]
[BlackTeam "Milton Keynes"]
[WhiteTeamCountry "WLS"]
[BlackTeamCountry "ENG"]

1. e4 c6 2. d4 d5 3. Nd2 dxe4 4. Nxe4 Nd7 5. Nf3 Ngf6 6. Ng3 e6 7. Bd3 c5 8. c3 Be7 9. O-O b6 10. Re1 Bb7 11. Bc2 O-O 12. Qe2 Re8 13. Ne5 Bf8 14. Bg5 Qc7 15. Ba4 Bc8 16. Bxf6 gxf6 17. Ng4 Qf4 1-0

[Event "4NCL/2001-02/D3/MK-NK"]
[Site "Rd03-Birmingham"]
[Date "2001.11.24"]
[Round "3.5"]
[White "Elwin, Adrian G"]
[Black "Wheatley, Chris J"]
[Result "1-0"]
[WhiteElo "1968"]
[BlackElo "2024"]
[PlyCount "65"]
[EventDate "2001.11.24"]
[EventType "team-match"]
[EventCountry "ENG"]
[SourceTitle "BritBase"]
[Source "John Saunders"]
[SourceDate "2024.10.24"]
[SourceVersion "1"]
[SourceVersionDate "2024.10.24"]
[SourceQuality "1"]
[WhiteTeam "Milton Keynes"]
[BlackTeam "Nidum Knights"]
[WhiteTeamCountry "ENG"]
[BlackTeamCountry "WLS"]

1. Nf3 c5 2. c4 e6 3. Nc3 d5 4. d4 Nc6 5. e3 Nf6 6. Be2 dxc4 7. Bxc4 a6 8. a4 Be7 9. O-O cxd4 10. Nxd4 Nxd4 11. exd4 O-O 12. Bf4 Nd5 13. Nxd5 exd5 14. Bd3 Bd6 15. Be5 Bxe5 16. dxe5 Re8 17. Re1 Qg5 18. Qc1 Qxc1 19. Raxc1 Bd7 20. b3 Rac8 21. f4 g6 22. Kf2 Kg7 23. Ke3 f6 24. Kd4 fxe5+ 25. fxe5 Bc6 26. Rf1 Rf8 27. Be2 Rf7 28. Rxf7+ Kxf7 29. Rf1+ Ke7 30. Bg4 Rc7 31. Rc1 h5 32. Bf3 Ke6 33. Bxd5+ 1-0

[Event "4NCL/2001-02/D3/MK-NK"]
[Site "Rd03-Birmingham"]
[Date "2001.11.24"]
[Round "3.6"]
[White "Rees, Ioan L"]
[Black "Kendall, Paul Stephen N"]
[Result "1-0"]
[WhiteElo "1970"]
[BlackElo "1968"]
[PlyCount "37"]
[EventDate "2001.11.24"]
[EventType "team-match"]
[EventCountry "ENG"]
[SourceTitle "BritBase"]
[Source "John Saunders"]
[SourceDate "2024.10.24"]
[SourceVersion "1"]
[SourceVersionDate "2024.10.24"]
[SourceQuality "1"]
[WhiteTeam "Nidum Knights"]
[BlackTeam "Milton Keynes"]
[WhiteTeamCountry "WLS"]
[BlackTeamCountry "ENG"]

1. e4 e5 2. Nc3 Nf6 3. Bc4 Nc6 4. d3 Na5 5. Bb3 Nxb3 6. axb3 d5 7. exd5 Bb4 8. Nge2 Nxd5 9. O-O O-O 10. Bd2 Nxc3 11. bxc3 Bd6 12. Ng3 f5 13. f4 Bd7 14. d4 exd4 15. cxd4 Qf6 16. Bc3 Qe6 17. Kh1 Qh6 18. Qf3 Bb5 19. Qd5+ 1-0

[Event "4NCL/2001-02/D3/MK-NK"]
[Site "Rd03-Birmingham"]
[Date "2001.11.24"]
[Round "3.7"]
[White "Williamson, Kevin J"]
[Black "Hammond, Terry"]
[Result "1/2-1/2"]
[WhiteElo "1846"]
[BlackElo "1946"]
[PlyCount "95"]
[EventDate "2001.11.24"]
[EventType "team-match"]
[EventCountry "ENG"]
[SourceTitle "BritBase"]
[Source "John Saunders"]
[SourceDate "2024.10.24"]
[SourceVersion "1"]
[SourceVersionDate "2024.10.24"]
[SourceQuality "1"]
[WhiteTeam "Milton Keynes"]
[BlackTeam "Nidum Knights"]
[WhiteTeamCountry "ENG"]
[BlackTeamCountry "WLS"]

1. d4 f5 2. c4 g6 3. Nc3 Nf6 4. Nf3 Bg7 5. g3 O-O 6. Bg2 d6 7. O-O Qe8 8. d5 Na6 9. Bg5 Bd7 10. Qd2 c6 11. Bh6 Nc7 12. Bxg7 Kxg7 13. Nd4 c5 14. Nc2 b5 15. cxb5 Nxb5 16. Nxb5 Bxb5 17. b4 Rc8 18. bxc5 dxc5 19. Rfe1 Qd7 20. Qc3 Kg8 21. Rab1 a6 22. Na3 Nxd5 23. Bxd5+ Qxd5 24. Nxb5 axb5 25. Rxb5 Qxa2 {(=)} 26. Rxc5 Rxc5 27. Qxc5 Qe6 28. e3 Rc8 {(=)} 29. Qd4 Qc4 30. Qd7 Kf7 31. Ra1 Rc7 32. Qd8 Rc8 33. Qb6 Rc6 34. Qb2 Qc3 35. Qa2+ Qc4 36. Qd2 Rc7 37. h4 Qc6 38. Qa2+ Qc4 39. Qa8 Rc8 40. Qf3 Qc6 41. Qf4 Ra8 42. Rd1 Qc2 43. Qd4 Ra2 44. Qd5+ Kf8 45. Qf3 Qc4 46. h5 Rc2 47. Qa8+ Kf7 48. hxg6+ 1/2-1/2

[Event "4NCL/2001-02/D3/MK-NK"]
[Site "Rd03-Birmingham"]
[Date "2001.11.24"]
[Round "3.8"]
[White "Hammond, Rhiannon"]
[Black "Thomas, Jacqueline"]
[Result "1-0"]
[WhiteElo "1696"]
[BlackElo "1152"]
[PlyCount "97"]
[EventDate "2001.11.24"]
[EventType "team-match"]
[EventCountry "ENG"]
[SourceTitle "BritBase"]
[Source "John Saunders"]
[SourceDate "2024.10.24"]
[SourceVersion "1"]
[SourceVersionDate "2024.10.24"]
[SourceQuality "1"]
[WhiteTeam "Nidum Knights"]
[BlackTeam "Milton Keynes"]
[WhiteTeamCountry "WLS"]
[BlackTeamCountry "ENG"]

1. e4 b6 2. Nc3 Bb7 3. f4 e6 4. e5 g6 5. Nf3 Bg7 6. d4 Ne7 7. Bd3 O-O 8. O-O d6 9. Be3 dxe5 10. fxe5 Nd7 11. Qd2 Nf5 12. Bxf5 exf5 13. Bh6 c5 14. Bxg7 Kxg7 15. d5 Re8 16. Rfe1 a6 17. Rad1 h6 18. d6 Bxf3 19. gxf3 Rxe5 20. Rxe5 Nxe5 21. Qd5 Nd7 22. Re1 Nf6 23. Qe5 Ra7 24. Nd5 Rb7 25. Nc7 a5 26. Qe7 Qxe7 27. Rxe7 Rb8 28. d7 Nxd7 29. Rxd7 Kf8 30. Nd5 Kg7 31. Rd6 Re8 32. Kf2 Re5 33. Nxb6 h5 34. Nc4 Re6 35. Rxe6 fxe6 36. Nxa5 Kf6 37. Nc4 f4 38. a4 g5 39. a5 g4 40. fxg4 hxg4 41. a6 Kf5 42. a7 f3 43. a8=Q e5 44. Nd6+ Ke6 45. Ne4 c4 46. Qc6+ Kf5 47. Qxc4 Kf4 48. Nd6+ Kg5 49. Qe4 1-0

[Event "4NCL/2001-02/D3/PP2-SWD2"]
[Site "Rd03-Birmingham"]
[Date "2001.11.24"]
[Round "3.1"]
[White "Winfridsson, Hakan"]
[Black "Morris, Charles F"]
[Result "1-0"]
[WhiteElo "2200"]
[BlackElo "2253"]
[PlyCount "81"]
[EventDate "2001.11.24"]
[EventType "team-match"]
[EventCountry "ENG"]
[SourceTitle "BritBase"]
[Source "John Saunders"]
[SourceDate "2024.10.24"]
[SourceVersion "1"]
[SourceVersionDate "2024.10.24"]
[SourceQuality "1"]
[WhiteTeam "Poisoned Pawns 2"]
[BlackTeam "South Wales Dragons 2"]
[WhiteTeamCountry "ENG"]
[BlackTeamCountry "WLS"]

1. e4 e6 2. d4 d5 3. Nc3 Nf6 4. Bg5 Bb4 5. e5 h6 6. Bd2 Nfd7 7. Qg4 Kf8 8. Bd3 c5 9. dxc5 Bxc5 10. f4 Nc6 11. Nf3 a6 12. O-O-O b5 13. Rhf1 Qa5 14. Rde1 Nb4 15. f5 Nxa2+ 16. Nxa2 Qxa2 17. c3 Nb6 18. f6 g5 19. Be3 Bxe3+ 20. Rxe3 Qa1+ 21. Kc2 Qa4+ 22. Qxa4 Nxa4 23. Nd4 Bb7 24. g4 Ke8 25. h4 Kd7 26. Rh1 Rac8 27. Reh3 gxh4 28. Rxh4 b4 29. Rxh6 Rxh6 30. Rxh6 bxc3 31. bxc3 Nxc3 32. Kd2 Nb5 33. Nxb5 axb5 34. Rh7 Rf8 35. Bxb5+ Bc6 36. Bxc6+ Kxc6 37. g5 d4 38. Rxf7 Rg8 39. Rg7 Rf8 40. g6 Kd5 41. f7 1-0

[Event "4NCL/2001-02/D3/PP2-SWD2"]
[Site "Rd03-Birmingham"]
[Date "2001.11.24"]
[Round "3.2"]
[White "Jones, Richard S"]
[Black "Hansen, Hans-Peter"]
[Result "1-0"]
[WhiteElo "2171"]
[BlackElo "2144"]
[PlyCount "61"]
[EventDate "2001.11.24"]
[EventType "team-match"]
[EventCountry "ENG"]
[SourceTitle "BritBase"]
[Source "John Saunders"]
[SourceDate "2024.10.24"]
[SourceVersion "1"]
[SourceVersionDate "2024.10.24"]
[SourceQuality "1"]
[WhiteTeam "South Wales Dragons 2"]
[BlackTeam "Poisoned Pawns 2"]
[WhiteTeamCountry "WLS"]
[BlackTeamCountry "ENG"]

1. e4 c5 2. Nc3 Nc6 3. g3 g6 4. Bg2 Bg7 5. d3 d6 6. Be3 Rb8 7. Qd2 b5 8. Nge2 Nd4 9. O-O Qa5 10. Nc1 e6 11. f4 Ne7 12. Qf2 O-O 13. Nd1 b4 14. c3 bxc3 15. bxc3 Ndc6 16. e5 Nd5 17. Bd2 Qc7 18. exd6 Qxd6 19. Nb3 Rd8 20. Qxc5 Qxc5+ 21. Nxc5 Nde7 22. Rc1 Rb5 23. Be3 Ra5 24. Rf2 Nd5 25. Nb3 Ra4 26. Bc5 g5 27. fxg5 Ne5 28. Rd2 Rg4 29. c4 Nb6 30. Nf2 Rxg5 31. Be7 1-0

[Event "4NCL/2001-02/D3/PP2-SWD2"]
[Site "Rd03-Birmingham"]
[Date "2001.11.24"]
[Round "3.3"]
[White "Day, Tom W"]
[Black "Spice, Alan P"]
[Result "1-0"]
[WhiteElo "2115"]
[BlackElo "2201"]
[PlyCount "121"]
[EventDate "2001.11.24"]
[EventType "team-match"]
[EventCountry "ENG"]
[SourceTitle "BritBase"]
[Source "John Saunders"]
[SourceDate "2024.10.24"]
[SourceVersion "1"]
[SourceVersionDate "2024.10.24"]
[SourceQuality "1"]
[WhiteTeam "Poisoned Pawns 2"]
[BlackTeam "South Wales Dragons 2"]
[WhiteTeamCountry "ENG"]
[BlackTeamCountry "WLS"]

1. d4 e6 2. c4 f5 3. Nf3 Nf6 4. Bg5 d6 5. Nc3 Be7 6. g3 O-O 7. Bg2 Qe8 8. O-O h6 9. Bxf6 Bxf6 10. Qb3 c6 11. Rad1 d5 12. e3 Nd7 13. Nd2 g5 14. Qc2 Kg7 15. f4 g4 16. Kf2 Be7 17. a3 h5 18. h4 Nf6 19. b4 Ne4+ 20. Bxe4 dxe4 21. Nb3 b6 22. d5 cxd5 23. cxd5 Ba6 24. b5 Bxb5 25. Nxb5 Qxb5 26. Qc7 Qxb3 27. Qxe7+ Rf7 28. Qg5+ Kf8 29. Qh6+ Kg8 30. dxe6 Qb2+ 31. Kg1 Rg7 32. Rd7 Rxd7 33. exd7 Qg7 34. Qc6 Rd8 35. Rd1 Kf8 36. Qc7 Qf6 37. Kf1 Ke7 38. Ke2 Qe6 39. Qxa7 Qc6 40. Rd4 Qc2+ 41. Rd2 Qc4+ 42. Kd1 Qc6 43. Rd4 Ke6 44. Kd2 Ke7 45. a4 Ke6 46. a5 b5 47. a6 b4 48. Qb7 Qc3+ 49. Ke2 Qc2+ 50. Rd2 Qc4+ 51. Kf2 Qc1 52. Qd5+ Ke7 53. a7 Qh1 54. Re2 Qf3+ 55. Ke1 Qh1+ 56. Kd2 Qa1 57. Kc2 Qa4+ 58. Kb1 Qxa7 59. Qe5+ Kf7 60. Qxf5+ Ke7 61. Qg5+ 1-0

[Event "4NCL/2001-02/D3/PP2-SWD2"]
[Site "Rd03-Birmingham"]
[Date "2001.11.24"]
[Round "3.4"]
[White "Blackburn, Jonathan LB"]
[Black "Young, Craig A"]
[Result "1-0"]
[WhiteElo "2162"]
[BlackElo "2113"]
[PlyCount "75"]
[EventDate "2001.11.24"]
[EventType "team-match"]
[EventCountry "ENG"]
[SourceTitle "BritBase"]
[Source "John Saunders"]
[SourceDate "2024.10.24"]
[SourceVersion "1"]
[SourceVersionDate "2024.10.24"]
[SourceQuality "1"]
[WhiteTeam "South Wales Dragons 2"]
[BlackTeam "Poisoned Pawns 2"]
[WhiteTeamCountry "WLS"]
[BlackTeamCountry "ENG"]

1. d4 Nf6 2. c4 c5 3. d5 e6 4. Nc3 exd5 5. cxd5 d6 6. e4 g6 7. g3 Bg7 8. Bg2 O-O 9. Nge2 Re8 10. a4 Na6 11. O-O Nc7 12. Qc2 b6 13. Rb1 Qe7 14. Bf4 Nd7 15. b3 Ba6 16. Rfd1 Rac8 17. Be3 Ne5 18. h3 Nd7 19. Qd2 Rcd8 20. Bg5 Bf6 21. Bxf6 Qxf6 22. f4 Qg7 23. Re1 Qh6 24. Rbd1 Rb8 25. Qc2 Qg7 26. Kh2 Nf8 27. Ng1 g5 28. fxg5 Qxg5 29. Nf3 Qf6 30. e5 dxe5 31. d6 Nce6 32. d7 Red8 33. Nd5 Qg7 34. Ne7+ Kh8 35. Nc6 Nd4 36. Nfxd4 exd4 37. Nxb8 Rxb8 38. Re8 1-0

[Event "4NCL/2001-02/D3/PP2-SWD2"]
[Site "Rd03-Birmingham"]
[Date "2001.11.24"]
[Round "3.5"]
[White "Winfridsson, Ola"]
[Black "Trevelyan, John"]
[Result "1/2-1/2"]
[WhiteElo "2032"]
[BlackElo "2155"]
[PlyCount "157"]
[EventDate "2001.11.24"]
[EventType "team-match"]
[EventCountry "ENG"]
[SourceTitle "BritBase"]
[Source "John Saunders"]
[SourceDate "2024.10.24"]
[SourceVersion "1"]
[SourceVersionDate "2024.10.24"]
[SourceQuality "1"]
[WhiteTeam "Poisoned Pawns 2"]
[BlackTeam "South Wales Dragons 2"]
[WhiteTeamCountry "ENG"]
[BlackTeamCountry "WLS"]

1. d4 d6 2. c4 Nf6 3. Nf3 g6 4. g3 Bg7 5. Bg2 O-O 6. O-O c5 7. Nc3 Nc6 8. d5 Na5 9. Nd2 a6 10. Rb1 Rb8 11. b4 cxb4 12. Rxb4 Bd7 13. Nb3 Ng4 14. Bb2 Ne5 15. Nxa5 Qxa5 16. Qb3 b5 17. cxb5 axb5 18. Ne4 Ra8 19. Ra1 Rfc8 20. a3 Ra7 21. h3 Rac7 22. Bd4 Rc4 23. Rxc4 Rxc4 24. e3 Qc7 25. Nc3 Nf3+ 26. Bxf3 Bxd4 27. Nxb5 Rc1+ 28. Rxc1 Qxc1+ 29. Qd1 Bxe3 30. Qxc1 Bxc1 31. a4 Kf8 32. Kg2 Ke8 33. Be2 Kd8 34. h4 Bd2 35. Bd3 Kc8 36. h5 Kb7 37. hxg6 hxg6 38. Bc2 Kb6 39. Nd4 Bc3 40. Ne2 Bb2 41. Nf4 Ka5 42. Nh3 Bf6 43. f4 Bxa4 44. Be4 Kb4 45. f5 g5 46. Nf2 Kc5 47. Bf3 Kd4 48. Bh5 Bb3 49. Bxf7 Bxd5+ 50. Bxd5 Kxd5 51. Kf3 Ke5 52. g4 Kd4 53. Nd1 Be5 54. Nb2 Kc3 55. Na4+ Kd3 56. Nb6 Bf6 57. Nd5 Kd4 58. Nc7 d5 59. Ne6+ Kd3 60. Nc5+ Kc4 61. Ne6 d4 62. Ke2 d3+ 63. Kd2 Be5 64. Kd1 Bf4 65. Nd8 Kd5 66. Ke1 Ke4 67. Nf7 Kf3 68. Nh6 Bd6 69. Kd2 Ke4 70. Nf7 Bb4+ 71. Kd1 Kf4 72. Nh6 Kf3 73. Nf7 Kf4 74. Nh6 d2 75. Ke2 Kg3 76. Nf7 Kxg4 77. Ne5+ Kxf5 78. Nc6 Ba5 79. Nxa5 1/2-1/2

[Event "4NCL/2001-02/D3/PP2-SWD2"]
[Site "Rd03-Birmingham"]
[Date "2001.11.24"]
[Round "3.6"]
[White "Walden-Jones, Andrew"]
[Black "Retallick, Lloyd"]
[Result "1-0"]
[WhiteElo "2103"]
[BlackElo "1992"]
[PlyCount "103"]
[EventDate "2001.11.24"]
[EventType "team-match"]
[EventCountry "ENG"]
[SourceTitle "BritBase"]
[Source "John Saunders"]
[SourceDate "2024.10.24"]
[SourceVersion "1"]
[SourceVersionDate "2024.10.24"]
[SourceQuality "1"]
[WhiteTeam "South Wales Dragons 2"]
[BlackTeam "Poisoned Pawns 2"]
[WhiteTeamCountry "WLS"]
[BlackTeamCountry "ENG"]

1. e4 c6 2. Nf3 d5 3. exd5 cxd5 4. b3 Nc6 5. Bb2 Nf6 6. h3 g6 7. d4 Bg7 8. Be2 O-O 9. O-O Ne4 10. Ne5 Qc7 11. Nxc6 bxc6 12. Nd2 Nxd2 13. Qxd2 Qb6 14. Rfd1 Ba6 15. Bf3 e6 {(=)} 16. Rac1 Rab8 17. Ba3 Rfd8 18. Bc5 Qb7 19. Qa5 Bf8 20. c4 Re8 21. Bxf8 Kxf8 22. Rc2 Qb6 23. Qa3+ Kg7 24. cxd5 cxd5 25. Rc5 Rec8 26. Rdc1 Rxc5 27. Rxc5 Rc8 {(=)} 28. b4 Rb8 29. Qa4 Bb5 30. Qc2 Qa6 31. Qb2 Bc4 32. a3 Rb5 33. Be2 Rxc5 34. dxc5+ Kf8 35. Bd1 Ke7 36. a4 Qc8 37. Qe5 Qd7 38. Qb8 a6 39. Qb6 d4 40. c6 Qd6 41. Qb7+ Kd8 42. Qb6+ Kc8 43. b5 axb5 44. axb5 Qc7 45. Qc5 Bd5 46. Qxd4 Qa5 47. Be2 h5 48. Qh8+ Kc7 49. Qe8 Qe1+ 50. Bf1 Bc4 51. Qd7+ Kb6 52. Qd4+ 1-0

[Event "4NCL/2001-02/D3/PP2-SWD2"]
[Site "Rd03-Birmingham"]
[Date "2001.11.24"]
[Round "3.7"]
[White "Quintana, Marcos I"]
[Black "Brown, Alan M"]
[Result "0-1"]
[WhiteElo "1912"]
[BlackElo "1850"]
[PlyCount "78"]
[EventDate "2001.11.24"]
[EventType "team-match"]
[EventCountry "ENG"]
[SourceTitle "BritBase"]
[Source "John Saunders"]
[SourceDate "2024.10.24"]
[SourceVersion "1"]
[SourceVersionDate "2024.10.24"]
[SourceQuality "1"]
[WhiteTeam "Poisoned Pawns 2"]
[BlackTeam "South Wales Dragons 2"]
[WhiteTeamCountry "ENG"]
[BlackTeamCountry "WLS"]

1. e4 e6 2. d4 d5 3. exd5 exd5 4. Nf3 Bd6 5. c4 Nf6 6. Bg5 O-O 7. Be2 dxc4 8. Bxc4 Qe8+ 9. Qe2 Ne4 10. Be3 Bb4+ 11. Kf1 Bg4 12. a3 Bd6 13. h3 Bh5 14. g4 Bg6 15. Nh4 Kh8 16. Nc3 Nd7 17. Nxe4 Bxe4 18. f3 Bg6 19. Kg2 Nb6 20. Ba2 Qe7 21. Qf2 Rae8 22. Nxg6+ fxg6 23. Rae1 Qd7 24. h4 Re7 25. h5 gxh5 26. Rxh5 g6 27. Rh3 Bf4 28. Bb1 Bxe3 29. Rxe3 Nd5 30. Rxe7 Qxe7 31. Rh1 Nf4+ 32. Kf1 Re8 33. Be4 c6 34. Qd2 Rf8 35. Qa5 b6 36. Qd2 Qe6 37. Qc2 Nd5 38. Ke1 Rxf3 39. Ke2 Re3+ {time} 0-1

[Event "4NCL/2001-02/D3/PP2-SWD2"]
[Site "Rd03-Birmingham"]
[Date "2001.11.24"]
[Round "3.8"]
[White "Wilson, Julie C"]
[Black "Goodwin, Lydia"]
[Result "1-0"]
[WhiteElo "1648"]
[BlackElo "1792"]
[PlyCount "65"]
[EventDate "2001.11.24"]
[EventType "team-match"]
[EventCountry "ENG"]
[SourceTitle "BritBase"]
[Source "John Saunders"]
[SourceDate "2024.10.24"]
[SourceVersion "1"]
[SourceVersionDate "2024.10.24"]
[SourceQuality "1"]
[WhiteTeam "South Wales Dragons 2"]
[BlackTeam "Poisoned Pawns 2"]
[WhiteTeamCountry "WLS"]
[BlackTeamCountry "ENG"]

1. d4 Nf6 2. c4 g6 3. Nc3 d6 4. e4 Bg7 5. Bd3 O-O 6. Nge2 Nc6 7. a3 a5 8. O-O e5 9. d5 Ne7 10. f4 exf4 11. Nxf4 Bg4 12. Qe1 Nd7 13. h3 Bh5 14. Nxh5 gxh5 15. Qh4 Ng6 16. Qxh5 Nc5 17. Bc2 Ne5 18. Be3 b6 19. Rad1 Ncd7 20. Bg5 f6 21. Bd2 Qe7 22. b3 Nc5 23. Rf4 Rf7 24. Ne2 Ng6 25. Rf5 Nxe4 26. Bc1 Re8 27. Qg4 Kf8 {(=)} 28. Nd4 Nc5 29. Rh5 Ne5 30. Qg3 f5 31. Nxf5 Qd7 32. Nxg7 Rxg7 33. Bh6 1-0

[Event "4NCL/2001-02/D3/WS-SCS"]
[Site "Rd03-Birmingham"]
[Date "2001.11.24"]
[Round "3.1"]
[White "Dighton, Simon G"]
[Black "Edwards, David"]
[Result "1-0"]
[WhiteElo "2234"]
[BlackElo "2189"]
[PlyCount "81"]
[EventDate "2001.11.24"]
[EventType "team-match"]
[EventCountry "ENG"]
[SourceTitle "BritBase"]
[Source "John Saunders"]
[SourceDate "2024.10.24"]
[SourceVersion "1"]
[SourceVersionDate "2024.10.24"]
[SourceQuality "1"]
[WhiteTeam "Warwickshire Select"]
[BlackTeam "Southern Counties Stars"]
[WhiteTeamCountry "ENG"]
[BlackTeamCountry "ENG"]

1. e4 d5 2. exd5 Nf6 3. c4 c6 4. Nc3 cxd5 5. d4 Nc6 6. Nf3 e6 7. a3 dxc4 8. Bxc4 Be7 9. O-O O-O 10. Re1 a6 11. Qd3 b5 12. Bb3 Bb7 13. Bg5 b4 14. Na4 a5 15. Qb5 Rb8 16. Rad1 Ba8 17. Qd3 Nd5 18. h4 Bxg5 19. Nxg5 g6 20. Nc5 Nce7 21. h5 Nf5 22. Ngxe6 fxe6 23. Nxe6 Qd6 24. hxg6 hxg6 25. Re5 Rf6 26. Ng5 Kg7 27. Ne4 Qd8 28. Nxf6 Nxf6 29. d5 Ng4 30. Rxf5 gxf5 31. Qxf5 Qh4 32. Rd4 Qh2+ 33. Kf1 Qh1+ 34. Ke2 Re8+ 35. Re4 Rxe4+ 36. Qxe4 Nh2 37. Qe7+ Kh6 38. Qh4+ Kg7 39. Qg5+ Kf8 40. Qf6+ Ke8 41. Ba4+ 1-0